000 01007nam a2200265Ia 4500
003 OSt
005 20220923211310.0
006 a|||||r|||| 00| 0
007 ta
008 220922b |||||||| |||| 00| 0 hin d
020 _a9788179754726 (hbk)
_c200
024 _a317,493
037 _b79, 15/03/2017, Mallika Books
_cTextual
040 _aARTS
_cARTS
_bhin
041 _2hin
_ahin
082 _aO152,1NSHx, Q2
100 _aश्रीवास्तव, प्रियंका, 'शुभ्रा', ले.
_9160187
245 0 _aनिहारती ऑंखें
246 _aNihāratī ऑankhean
260 _aनई दिल्ली
_b अनामिका पब्लिशर्स
_c2012
300 _a116पृ.
_ccm.
650 _aहिन्दी कविता
942 _hO152,1NSHx, Q2
_cTEXL
_2CC
999 _c298220
_d298220